| 000 | 00803nmc a2200301 a 4500 | ||
|---|---|---|---|
| 003 | AR-Y00001XP | ||
| 005 | 20251128211954.0 | ||
| 008 | 047020s2000 ||||||||||||||000 | spa|| | ||
| 020 | _a0-582-3437-12 | ||
| 040 | _cAR-Y00001XP | ||
| 245 | 1 | 0 | _aChicken run |
| 260 |
_aHarlow _bPearson Education _c2000 |
||
| 300 | 0 |
_a15 p. _bil. |
|
| 490 | 0 | _aPenguin young readers. Level 2 | |
| 650 | 4 | _aLITERATURA INFANTIL | |
| 650 | 4 | _aENSENANZA DE IDIOMAS | |
| 650 | 4 | _aCUENTOS DE AVENTURAS | |
| 650 | 4 | _aLITERATURA NORTEAMERICANA | |
| 650 | 4 | _aACTIVIDADES DE APRENDIZAJE | |
| 650 | 4 | _aINGLES | |
| 650 | 4 | _aCUENTOS DE ANIMALES | |
| 653 | 0 | _aCUENTO FANTASTICO | |
| 700 | 1 |
_aDodd, Nonia W. _eadaptador |
|
| 800 | 1 | _aHughes, Annie | |
| 800 | 1 | _aWilliams, Melanie | |
| 942 | _cBK | ||
| 998 | _cines | ||
| 999 |
_c21855 _d21855 |
||